General Knowledge (Caza) - Statistics

General Stats
  • This quiz has been taken 22 times
  • The average score is 4 of 13
Answer Stats
Hint Answer % Correct
Richest Person in the World Bill Gates
67%
Tallest Building in the UK The Shard
53%
35th President of the United States JFK
47%
3 Time Oscar Winner Daniel Day Lewis
40%
Worlds Strongest Man Corey Smyth
33%
4th Largest Speaking Language In the World Hindi
33%
Eats fish and Rice cakes all day Louis Burns
33%
Another name for The Commander and Chief Potus
27%
Largest Telecommunications Company In the World AT&T
20%
Recently quit popular BBC Show Mel and Sue
20%
Super Bowl 50 Winners Denver Broncos
13%
Best Tv character of all time (24) Jack Bauer
13%
Starred in the Greatest movie Ever 'Knock Knock' Keanu Reeves
13%
No matching quizzes found
Score Distribution
Percent of People with Each Score
Percentile by Number Answered
Your Score History
You have not taken this quiz